01520 2200433 4500001002100000005001500021035002000036007000300056008004100059020002200100082001600122084001800138100003700156245026400193250003500457300002500492650002900517700002100546700003300567700003300600700003900633700002900672700003400701700002700735700002100762700002900783700003200812264003800844336002100882337003000903338002300933040002200956090002200978090002201000850001201022041000801034999002201042990002201064INLIS00000000084958320240219102418 a0010-0719000584ta190716s2017 yoi g | ind d a978-602-6336-82-804223a418.402 a418.402 FAZ k0 aFaza Rachma IrmawantiePengarang10aKetika buku bercerita :bkarya bersama pejuang literasi GIM Yogyakarta /cFaza Rachma Irmawanti, Asmar, Mahyudin Al Mudra, Dwi Atmi Sutarini, Christanti Widyaningsih, Agung Nugroho, Rubi Utami Varalin, Sri Ningsih, Yanti, Moh. Mursyid; editor, Y.B. Margantoro aCetakan pertama: Desember 2017 a127 halaman ;c21 cm 4aLiterasi--vBunga rampai0 aAsmarePengarang0 aMahyudin Al MudraePengarang0 aDwi Atmi SutariniePengarang0 aChristanti WidyaningsihePengarang0 aAgung NugrohoePengarang0 aRubi Utami VaralinePengarang0 aSri NingsihePengarang0 aYantiePengarang1 aMursyid, Moh.ePengarang1 aMargantoro, Y.B.ePengarang31aYogyakarta :bPohon Cahaya,c2017 2rdacontentateks 2rdamediaatanpa perantara 2rdacarrieravolume aYOPDYOGbinderda aDEP 418.402 FAZ k aCB-D.11 2017-3222 aYOPDYOG0 aind aCB-D.11/2017-3222 aCB-D.11/2017-3222